=LDR 00000nam 2200000 4500 =001 INLIS000000000028035 =990 ##$$a 20606262 =005 20201130014906 =990 ##$$a 20703462 =035 ##$$a 0010-061300000028035 =990 ##$$a 20610124 =008 201130################g##########0#ind## =990 ##$$a 20708530 =041 ##$$a Ind =990 ##$$a 20708527 =082 ##$$a 330.015 195 =990 ##$$a 40600543 =090 ##$$a 330.015 195, Fir e =990 ##$$a 10407245 =100 1#$$a Firdaus, Muhammad =990 ##$$a 20610127 =245 1#$$a Ekonometrika suatu pendekatan aplikatif. /$c Muhammad Firdaus =990 ##$$a 20708526 =260 ##$$a Jakarta :$b Bumi Aksara,$c 2004 =990 ##$$a 20606260 =300 ##$$a viii, 125 hlm. : $b ilus. ; $c 21x14 cm =650 #4$$a Ekonometrika =850 ##$$a NBPNMAT =020 ##$$a 979-526-953-4 =084 ##$$a 330.015 195 FIR e =250 ##$$a cet.1 =990 ##$$a 20703462 =990 ##$$a 20610124 =990 ##$$a 20708530 =990 ##$$a 20708527 =990 ##$$a 40600543 =990 ##$$a 10407245 =990 ##$$a 20610127 =990 ##$$a 20708526 =990 ##$$a 20606260 =990 ##$$a 20606262 =990 ##$$a 20708530 =990 ##$$a 20703462 =990 ##$$a 20610124 =990 ##$$a 20708527 =990 ##$$a 40600543 =990 ##$$a 10407245 =990 ##$$a 20610127 =990 ##$$a 20708526 =990 ##$$a 20606260 =990 ##$$a 20606262